<?xml version="1.0" encoding="UTF-8"?>
<collection xmlns="http://www.loc.gov/MARC21/slim">
 <record>
  <leader>01039cam a2200217 7i4500</leader>
  <controlfield tag="001">0000034509</controlfield>
  <controlfield tag="005">20030809090000.0</controlfield>
  <datafield tag="020" ind1="#" ind2="0">
   <subfield code="a">9839444166 </subfield>
  </datafield>
  <datafield tag="090" ind1="0" ind2="0">
   <subfield code="a">QE 299.5 </subfield>
   <subfield code="b">W277 1999</subfield>
  </datafield>
  <datafield tag="245" ind1="1" ind2="0">
   <subfield code="a">Warisan goelogi Malaysia : </subfield>
   <subfield code="b">pemetaan geowarisan dan pencirian geotapak  </subfield>
   <subfield code="c">penyunting Ibrahim Komo dan Mohd Shafeea Leman = </subfield>
   <subfield code="l">Geological heritage of Malaysia : </subfield>
   <subfield code="b">pemetaan geowarisan dan pencirian geotapak : </subfield>
   <subfield code="b">Geoheritage mapping and geosite characterization.</subfield>
  </datafield>
  <datafield tag="260" ind1="#" ind2="#">
   <subfield code="a">Bangi, Selangor: </subfield>
   <subfield code="b">Institut Alam Sekitar dan Pembangunan (LESTARI), Universiti Kebangsaan Malaysia, </subfield>
   <subfield code="c">1999.</subfield>
  </datafield>
  <datafield tag="300" ind1="#" ind2="#">
   <subfield code="a">350p.: </subfield>
   <subfield code="b">ill., maps; </subfield>
   <subfield code="c">24cm..</subfield>
  </datafield>
  <datafield tag="504" ind1="0" ind2="0">
   <subfield code="a">Includes bibliographies</subfield>
  </datafield>
  <datafield tag="650" ind1="0" ind2="0">
   <subfield code="a">Conservation of natural resources -- </subfield>
   <subfield code="z">Malaysia </subfield>
  </datafield>
  <datafield tag="650" ind1="0" ind2="0">
   <subfield code="a">Ecotourism -- </subfield>
   <subfield code="z">Malaysia </subfield>
  </datafield>
  <datafield tag="650" ind1="0" ind2="0">
   <subfield code="a">Geology -- </subfield>
   <subfield code="z">Malaysia </subfield>
  </datafield>
  <datafield tag="651" ind1="0" ind2="0">
   <subfield code="a">Malaysia -- </subfield>
   <subfield code="x">Geology </subfield>
  </datafield>
  <datafield tag="700" ind1="0" ind2="1">
   <subfield code="a">Ibrahim Komo </subfield>
  </datafield>
  <datafield tag="700" ind1="0" ind2="1">
   <subfield code="a">Mohd Shafeea Leman </subfield>
  </datafield>
  <datafield tag="745" ind1="0" ind2="0">
   <subfield code="a">Geological heritage of Malaysia: geoheritage mapping and geosite characterization</subfield>
  </datafield>
  <datafield tag="999" ind1=" " ind2=" ">
   <subfield code="a">1000405104</subfield>
   <subfield code="b">Book</subfield>
   <subfield code="c">Open Shelf</subfield>
   <subfield code="e">KOLEKSI TERBUKA</subfield>
  </datafield>
 </record>
</collection>
